| 000 | 00409nam a2200157Ia 4500 | ||
|---|---|---|---|
| 008 | 210210b2006 xxu||||| |||| 00| 0 eng d | ||
| 020 | _a81 7754 062 9 | ||
| 082 | _a581.2 PATF | ||
| 100 | _aPATHAK (V N) and Others. | ||
| 245 | _aFundamentals of plant pathology. | ||
| 260 |
_aJodhpur _bNot Mentioned _c2006 |
||
| 300 | _a322 | ||
| 650 | _aPlant Pathology | ||
| 690 | _aPlant Pathology | ||
| 906 | _aSG04912 | ||
| 999 |
_c115631 _d115631 |
||